000 00494nam a2200193 a 4500
001 1756184587999
003 ACL
005 20250826103837.0
008 250826s1988##################000#0#eng##
020 _a9780486257945
082 0 4 _a748.50222
_bSIB
100 1 _aSibbett, Ed,
_eauthor.
245 1 0 _a120 Traditional Stained Glass Patterns :
260 _bCourier Corporation,
_c1988.
300 _a68 pages
650 0 _aCrafts & Hobbies.
942 _cENGLISH
040 _aACL
_beng
_cACL
999 _c583960
_d583960